000 01280nam2a22002411 4500
001 RU\NLR\INFOCOMM6\1000425750
005 20250617123353.0
035 _a(NLR Aleph) 002604685
090 _a3475772
_c3475772
100 _a20040423d1980 |||y0rusy50 ca
101 0 _arus
102 _aRU
105 _ay |||||||||
200 1 _aПоложение о едином отраслевом справочно-информационном фонде научно-педагогической информации
210 _d1980
_aБ. м.
461 0 _1001RU\NLR\INFOCOMM6\1000425748
_12001#$aМетодические материалы по научно-педагогической информации пропаганде$fОтд. науч.-пед. информ. НИИ общ. педагогики АПН СССР$v1980, Вып.1(7)
_93475756
_cМ.
_d1979-
_fОтд. науч.-пед. информ. НИИ общ. педагогики АПН СССР
_tМетодические материалы по научно-педагогической информации пропаганде
_x0202-3113
_v1980, Вып.1(7)
801 1 _aRU
_bInfoComm
_c20040423
801 0 _aRU
_bNLR
_gPSBO
852 _aNLR
_jП28/1392
942 _cISSUE
980 _aNB
980 _aRUSPER